Statistics for Western Europe Flags Map Quiz

Click here to take the quiz!

General Stats

  • This quiz has been taken 27 times
  • The average score is 22 of 24

Answers on the Map

Answers color-coded by a green-red scale on the quiz's map according to % correct below.
Loading ...
 

Answer Stats

Answer % Correct
United Kingdom
100%
Ireland
100%
Greece
96%
Vatican City
96%
Switzerland
96%
Germany
96%
France
96%
Finland
96%
Iceland
96%
Denmark
96%
Norway
96%
Italy
92%
Spain
92%
Portugal
92%
Sweden
92%
Netherlands
92%
Malta
92%
Austria
92%
Liechtenstein
88%
Andorra
88%
Luxembourg
88%
Monaco
88%
San Marino
83%
Belgium
79%

Score Distribution

Percentile by Number Answered

Percent of People with Each Score

Your Score History

You have not taken this quiz